000 00223nam a2200097Ia 4500
001 796855
005 20250826170756.0
008 250824s9999 xx 000 0 und d
245 0 _abeyaz diş
_cjack london
260 _bakvaryum
999 _c796855
_d796855